| 000 | 01143 a2200253 4500 | ||
|---|---|---|---|
| 005 | 20251111113807.0 | ||
| 008 | 251111b |||||||| |||| 00| 0 eng d | ||
| 020 | _a9789394317819 (hbk) | ||
| 037 | _cTB | ||
| 040 |
_aCRL _cCRL |
||
| 041 |
_2hin _ahin |
||
| 084 |
_aQ1v2 152R6 _qCRL |
||
| 100 |
_aशर्मा, विष्णु _9821401 |
||
| 245 | _aभारत में वैदिक साहित्य संस्कृति एवं ज्ञान प्रणाली | ||
| 260 |
_aजयपुर, भारत: _bश्रीनिवास पब्लिकेशन्स्, _c2026. |
||
| 300 | _a248पृ. | ||
| 365 |
_b2495.00 _cINR |
||
| 650 |
_aधर्म _9850581 |
||
| 650 |
_aवेद _9850582 |
||
| 650 |
_aसंस्कृत साहित्य _9850583 |
||
| 650 |
_aवैदिक साहित्य _9850584 |
||
| 942 |
_cTB _2CC _n0 _hQ1v2 152R6 |
||
| 999 |
_c1435483 _d1435483 |
||